Catálogo

Los últimos días de pompeya / (Registro nro. 40101)

Detalles MARC
000 -LEADER
fixed length control field 01147cam a2200337 i 4500
001 - CONTROL NUMBER
control field 40101
003 - CONTROL NUMBER IDENTIFIER
control field Mx-PuUPA
005 - DATE AND TIME OF LATEST TRANSACTION
control field 20250403124345.0
008 - FIXED-LENGTH DATA ELEMENTS--GENERAL INFORMATION
fixed length control field 140415s1965 mx a gr 000 f spa d
040 ## - CATALOGING SOURCE
Transcribing agency Mx-PuUPA
Original cataloging agency Mx-PuUPA
Language of cataloging spa
Modifying agency Mx-PuUPA
Description conventions rda
041 1# - LANGUAGE CODE
Language code of text/sound track or separate title spa
Language code of original eng
100 1# - MAIN ENTRY--PERSONAL NAME
Personal name Lytton, Edward Bulwer Lytton,
Titles and words associated with a name Baron,
Dates associated with a name 1803-1873
9 (RLIN) 16877
Relator term autor
240 14 - UNIFORM TITLE
Uniform title [The Last Days of Pompeii]
Language of a work Español
245 10 - TITLE STATEMENT
Title Los últimos días de pompeya /
Statement of responsibility, etc. E. Bulwer Lytton
250 ## - EDITION STATEMENT
Edition statement Edición Mexicana
264 #1 - PRODUCTION, PUBLICATION, DISTRIBUTION, MANUFACTURE, AND COPYRIGHT NOTICE
Place of production, publication, distribution, manufacture México, D.F. :
Name of producer, publisher, distributor, manufacturer Lito Ediciones Olimpia,
Date of production, publication, distribution, manufacture, or copyright notice 1973
-- ©1965
300 ## - PHYSICAL DESCRIPTION
Extent 287 páginas :
Other physical details ilustraciones ;
Dimensions 18 cm
336 ## - CONTENT TYPE
Fuente rdacontent
Content type term texto
Content type code txt
337 ## - MEDIA TYPE
Source rdamedia
Media type term sin medio
Media type code n
338 ## - CARRIER TYPE
Source rdacarrier
Carrier type term volumen
Carrier type code nc
650 #7 - SUBJECT ADDED ENTRY--TOPICAL TERM
Source of heading or term armarc
Topical term or geographic name entry element Literatura inglesa
General subdivision
651 #4 - SUBJECT ADDED ENTRY--GEOGRAPHIC NAME
Geographic name Pompeya (ciudad extinta)
Form subdivision Novela juvenil
655 #7 - INDEX TERM--GENRE/FORM
Genre/form data or focus term Novela inglesa
740 ## - ADDED ENTRY--UNCONTROLLED RELATED/ANALYTICAL TITLE
Uncontrolled related/analytical title x
765 ## - ORIGINAL LANGUAGE ENTRY
Main entry heading Lytton, Edward Bulwer Lytton
Title [The last days of Pompeii]
942 ## - ADDED ENTRY ELEMENTS (KOHA)
Source of classification or shelving scheme Dewey Decimal Classification
Koha item type Libro
Classification part 823
Item part B3318
260 ## - PUBLICATION, DISTRIBUTION, ETC.
Place of publication, distribution, etc.
Name of publisher, distributor, etc.
Date of publication, distribution, etc.
Existencias
Withdrawn status Lost status Source of classification or shelving scheme Damaged status Not for loan Collection code Home library Current library Shelving location Date acquired Source of acquisition Total Checkouts Full call number Barcode Date last seen Cost, replacement price Price effective from Koha item type
    Dewey Decimal Classification     General Biblioteca Karol Wojtyla Biblioteca Karol Wojtyla Sala general 03/12/2013 Donación   823 B3318 1973 60193 05/01/2026 0.00 03/12/2013 Libro